| 000 | 00603nam a22001817a 4500 | ||
|---|---|---|---|
| 003 | IT-RoPau | ||
| 005 | 20220918175938.0 | ||
| 008 | 130121b xxu||||| |||| 00| 0 eng d | ||
| 040 | _cIT-RoPau | ||
| 100 |
_aFerrero, Mauro _cssp _9212 |
||
| 245 |
_aGesù Pastore e Maestro _bnella pastorale di don Giacomo Alberione |
||
| 250 | _a1° ed. | ||
| 260 |
_aRoma _bSocietà San Paolo _c1999 |
||
| 300 |
_a94 p. _c20 cm |
||
| 490 | _a1 | ||
| 520 | _aINDICE Premessa; Introduzione; Abbreviazioni; Il Signore è il mio pastore; "Io-sono"; Le pecore ascoltano la voce del pastore; Appendici. | ||
| 942 |
_2ddc _cBK |
||
| 999 |
_c37810 _d37810 |
||